000
00296nam a2200133Ia 4500
100
_a
Currid C.C
942
_c
BK
654
_a
Computer
245
_a
Novells guide to Netware 4.01 Networks
260
_b
BPB
_a
New Delhi
_c
1994
082
_a
004.65' CUR'
546
_a
ENGLISH
999
_c
20666
_d
20666